| 000 | 00355nam a2200145 a 4500 | ||
|---|---|---|---|
| 001 | 2825 | ||
| 003 | CDMR | ||
| 005 | 20130325122651.0 | ||
| 008 | 130130s1968||||||||||||||||||||||||||||d | ||
| 040 |
_aCDMR _bcat _cCDMR |
||
| 110 | 2 |
_aAssociació de la Premsa de Barcelona _939 |
|
| 245 | 1 | 0 | _aMemoria aƱo 1967 |
| 260 |
_aBarcelona _c1968 _bAPB |
||
| 942 |
_cMON _2udc |
||
| 999 |
_c2825 _d2825 |
||